Cylindrocladium leaf spot (Record no. 56696)

MARC details
000 -LEADER
fixed length control field 00399nam a2200169Ia 4500
100 ## - MAIN ENTRY--AUTHOR NAME
Personal name Radziah N Z
245 #0 - TITLE STATEMENT
Title Cylindrocladium leaf spot
260 ## - PUBLICATION, DISTRIBUTION, ETC. (IMPRINT)
Name of publisher Planters Bulletin
Year of publication 1988
300 ## - PHYSICAL DESCRIPTION
Number of Pages 146-149
650 ## - SUBJECT ADDED ENTRY--TOPICAL TERM
Topical Term Cylindrocladium
650 ## - SUBJECT ADDED ENTRY--TOPICAL TERM
Topical Term Disease control
650 ## - SUBJECT ADDED ENTRY--TOPICAL TERM
Topical Term Leaf spot
650 ## - SUBJECT ADDED ENTRY--TOPICAL TERM
Topical Term Rubber
700 ## - ADDED ENTRY--PERSONAL NAME
Personal name Chee K H
942 ## - ADDED ENTRY ELEMENTS (KOHA)
Koha item type Journals
Holdings
Withdrawn status Lost status Damaged status Not for loan Home library Current library Shelving location Date acquired Serial Enumeration / chronology Koha item type
      Journals RRII Library RRII Library Pathology 17/12/2021 Volume 197, Issue Journals